| 000 | 00516nam a2200193Ia 4500 | ||
|---|---|---|---|
| 005 | 20240913125522.0 | ||
| 008 | 240913s9999||||xx |||||||||||||| ||und|| | ||
| 020 | _a0-12-095976-3 | ||
| 041 | _aENGLISH | ||
| 082 | _A004.5 P0 | ||
| 100 | _aBidgoli,Hossein | ||
| 245 | 0 | _aHandbook of Business Data Communications: A Managerial Perspective | |
| 250 | _a1st | ||
| 260 |
_c2000 _bAcademic Press,San _aSan Diego |
||
| 500 | _aREFERENCE | ||
| 650 |
_aBusiness _bManagement Studies |
||
| 942 | _cREF | ||
| 999 |
_c245714 _d245714 |
||